00274nam a2200121Ia 4500008004100000100000900041245002300050260003700073300000800110650001000118942000700128999001700135190216s9999||||xx |||||||||||||| ||und|| aNull 0aHindi-Gurudakshina bNew Age International Publishers a144 aHindi cBK c15900d15900